000 01318nam0a2200337 4500
001 RU\NLR\BIBL_A\011716168
005 20180802094752.0
010 _a978-5-17-106876-9
_93000
021 _aRU
_bКН-П-18-032647
_9КН-П-18-2375
035 _a(NLR Aleph) 011716168
035 _a(RuMoRGB)009622787
090 _a11458078
_c11458078
100 _a20180530d2018 e y0rusy50 ca
101 1 _arus
_ceng
102 _aRU
105 _ay|||z|||000ay
200 1 _aНочи живых мертвецов
_e[антология]
_fпод редакцией Джонатана Мэйберри и Джорджа Э. Ромеро
_g[перевод с английского: Артем Агеев и др.]
210 _aМосква
_cАСТ
_d2018
215 _a444, [3] с.
_d21
225 1 _aМастера ужасов
333 _a18+
686 _aШ5(7США)64-644.5я43
_2rubbk
686 1 _aШ6(0)07-445(Лх150-62)
702 1 _4340
_7ca
_8rus
_aМэйберри
_bД.
_f1958-
_gДжонатан
_9209364
_3RU\NLR\AUTH\770209418
702 1 _4340
_7ca
_8rus
_aРомеро
_bД. Э.
_f1940-
_gДжордж Эндрю
_9170545
_3RU\NLR\AUTH\770170595
942 _cBOOK
980 _aNBR
980 _aNB